|
|
|
|
| LEADER |
01167nam a22002892a 4500 |
| 001 |
000309859 |
| 003 |
CZ BrMZK |
| 005 |
19980107143423.0 |
| 008 |
980107s1991 xr f cze d |
| 015 |
|
|
|a cnb000062681
|
| 020 |
|
|
|a 80-04-25172-2
|
| 035 |
|
|
|a (OCoLC)85674335
|
| 040 |
|
|
|a BOA001
|b cze
|
| 080 |
|
|
|a 372.851(075.2):376.352
|2 MRF
|
| 245 |
0 |
0 |
|a Matematika pro 3. ročník základní školy pro slabozraké.
|n [Díl] 1 :
|b pracovní sešit /
|c autor: Ľudovít Bálint, ... ; pro potřeby slabozrakých žáků upravila Jana Janková
|
| 250 |
|
|
|a 1. vyd.
|
| 260 |
|
|
|a Praha :
|b SPN,
|c 1991
|
| 300 |
|
|
|a 64 s.
|
| 490 |
1 |
|
|a Učebnice pro základní školy
|
| 700 |
1 |
|
|a Bálint, Ľudovít,
|d 1937-2021
|7 jo2002113365
|
| 700 |
1 |
|
|a Janková, Jana
|
| 830 |
|
0 |
|a Učebnice pro základní školy
|
| 856 |
4 |
1 |
|u http://www.digitalniknihovna.cz/mzk/uuid/uuid:d7136850-370e-11e3-a5bb-005056827e52
|y Digitalizovaný dokument
|x NDK
|
| 910 |
|
|
|a BOA001
|b PK-0115.608,1
|
| 964 |
|
|
|a Matematika - učebnice - školy základní pro děti s vadami zraku
|
| 990 |
|
|
|a BK
|
| 996 |
7 |
|
|b 3119924045
|c PK-0115.608,1
|l MZK
|r Sklad / do 1 hodiny
|n 0
|w 000309859
|u 000010
|a 1
|e BOA001
|j MZK50
|s A
|